000 00674nam a2200169 a 4500
001 000028915
005 20200930055221.0
008 110412s2010 dr 000 0 spa d
040 _aDO-SdBNP
_bspa
_cBNPHU
082 _axxx
_bR462r
110 1 _aRepública Dominicana
_bSuprema Corte de Justicia
_97906
245 1 0 _aReglamento de aplicación del sistema de evaluación del desempeño de los jueces miembros del Poder Judicial.
260 _aSanto Domingo :
_bSuprema Corte de Justicia :
_bConsejo General del Poder Judicial; Agencia de Cooperación Internacional,
_c[2010?].
300 _a72 p. ;
_c22 cm.
500 _aIncluye notas al pie de las páginas
049 _aBNPD
999 _c28407
_d28407